00581nam a2200169Ia 4500008004000000020001800040082001300058100002300071245003400094260005100128300001400179650001700193690001700210906001100227999001900238952015400257210210b2001 xxu||||| |||| 00| 0 eng d a0 7637 1067 9 a576 ALCF aALCAMO (Edward I). aFundamentals of microbiology. aLondon.bJones and Bartlett Publishers.,c2001 axxii,I-26 amicrobiology aMicrobiology a057283 c104406d104406 001040708BiologyaALbALcBiologyd2021-02-17eYashaswi Enterprises, Bangalore.g2567.00l0o576 ALCFp057283r2021-02-17 00:00:00w2021-02-17yBK